000 00677nam a22002057a 4500
003 OSt
005 20250807022934.0
008 240717b |||||||| |||| 00| 0 eng d
040 _aDWCL-Main lib.
_cOC
082 _aFil. 657 B188c 2022
100 _aBallada, Win
245 _aConceptual framework and accounting standards :
_bmade easy /
_cWin Ballada
260 _a[ Manila : Philippines] :
_bDomDane publishers & Made Easy Books,
_cc2022.
300 _axviii, 458 pages :
_billustrations ;
_c25cm.
650 _a1. Accounting.
650 _a2. Financial accounting.
650 _a3. Accounting standards.
700 _aBallada, Susan
942 _2ddc
_cBK - FIL
_kFil.
_n0
999 _c2316
_d2316